Seismic hazard in Mediterranean regions : proceedings of the Summer School organized in Stasbourg, France, July 15-August 1, 1986
Saved in:
| Corporate Authors: | , , |
|---|---|
| Other Authors: | |
| Format: | Conference Proceeding Book |
| Language: | English |
| Published: |
Dordecht :
Kluwer Academic Publishers,
1988
|
| Subjects: | |
| Tags: |
Add Tag
No Tags, Be the first to tag this record!
|
MARC
| LEADER | 00000nam a2200000 i 4500 | ||
|---|---|---|---|
| 001 | 1/89635 | ||
| 008 | 990914s1988 eng d | ||
| 020 | |a 90-277-2779-1 | ||
| 035 | |l 10052842 | ||
| 040 | |a GR-MY-UA |b gre |e aacr | ||
| 041 | 0 | |a eng | |
| 082 | 0 | |a 551.22091822 | |
| 111 | 2 | |a Summer School on Seismic Hazard in the Mediterranean Regions |d (1986 |c : Strasbourg, France) | |
| 245 | 1 | 0 | |a Seismic hazard in Mediterranean regions : |b proceedings of the Summer School organized in Stasbourg, France, July 15-August 1, 1986 / |c European Mediterranean Seismological Centre and Institut de Physique Globe de Strasbourg ; Edited by J. Bonnin...[et al.] |
| 260 | |a Dordecht : |b Kluwer Academic Publishers, |c 1988 | ||
| 300 | |a 399 p. | ||
| 650 | 0 | 0 | |a Earthquakes |z Mediterranean Region |x Congresses. |
| 650 | 0 | 0 | |a Seismology |z Mediterranean Region |x Congresses. |
| 650 | 0 | 0 | |a Earthquake engineering |z Mediterranean Region |x Congresses. |
| 700 | 1 | |a Bonnin, J. |4 edt | |
| 710 | 2 | |a European Mediterranean Seismological Centre. | |
| 710 | 2 | |a Institut de Physique du Globe de Strasbourg. | |
| 852 | |a INST |b LESVOS |e 19990914 |h 551.22091822 SUM |p 005100019160 |q 005100019160 |t BK |y 0 | ||
| 901 | |a BIBL1-1999-3 | ||
| 909 | |a Λ |b 066464 | ||
| 922 | |a 1ΕΛΗ |b 199906 |c ΚΠΣ/ΤΓ |d ΠΑΠΑΣΩΤΗΡΙΟΥ | ||
| 950 | |a 118-1998-07-21 | ||
| 970 | |a ΚΑΜΑΤΣΟΥ |b ΔΕΣΠΟΙΝΑ |z 1999/10/07 | ||